000 01487nam0a2200337 4500
001 RU\NLR\bibl\1134023
005 20260607044448.0
010 _a978-5-358-02845-6
_93000
021 _aRU
_b2007-55672
_92963
035 _a(NLR Aleph) 001120918
090 _a1297531
_c1297531
100 _a20070928d2007 |||y0rusy50 ca
101 0 _arus
102 _aRU
105 _aa |||||||||
200 1 _aСценарии школьных праздников
_eметодическое пособие
_fН.Б. Троицкая, Г.А. Королева
205 _a4-е изд., дораб.
210 _aМосква
_cДрофа
_d2007
215 _a285, [1] с.
_cил., нот.
_d21
225 1 _aБиблиотека учителя начальной школы
300 _aНа обл. загл. сер.: Библиотека учителя. Начальная школа
606 1 _aШкольные праздники
_jМетодические пособия
_xНачальная школа
_92432834
_3RU\NLR\auth\661447913
686 _aЧ421.382.41,01я8
686 _aЩ338.3(2)7-9-4
700 1 _4070
_7ca
_8rus
_aТроицкая
_bН. Б.
_cпедагог
_gНаталья Борисовна
_96840
_3RU\NLR\auth\7723787
701 1 _4070
_7ca
_8rus
_aКоролева
_bГ. А.
_cпедагог
_gГалина Андреевна
_96842
_3RU\NLR\auth\7723789
801 0 _aRU
_bNLR
_c20070928
_gRCR
801 1 _aRU
_bNLR
_c20070928
942 _cBOOK
980 _aNB